000
00313nam a22001337a 4500
008
170831b xxu||||| |||| 00| 0 eng d
020
_a
9780495006206
041
_a
eng
080
_2
6TH
_a
047
100
_a
40
101
_a
MED
245
_a
INTERNTIONAL INTERVIEWING AND COUNSELING
_c
IVEY,A.E
942
_2
udc
_c
BK
999
_c
25863
_d
25863